000 00233 a2200097 4500
001 32116
100 _aBoylestad, Robert
245 _aElectronic Devices and Circuit Theory
260 _aNew Delhi
_bPHI
_c1996
090 _c21561
_d21561
942 _aNUST-CAE
_cM
_c12849
999 _c267189
_d267189